000 nam a22 a 4500
999 _c400654
_d400654
003 BLK
005 20220512133726.0
008 210311b bu |||||r|||| 00| 0 bu d
020 _a9786199034767
040 _aBLK
041 _aBUL
_cBUL
080 _aСоциография. Социално положение. Условия на политическия и социалния живот. Социално и социално-икономическо положение на отделните страни, народи, раси. Социална география. (Общи въпроси)
_b308
_x(520)
_z308(520)
100 _9285097
_aАндреева, Ценцерушка Лозанова
_eпърви автор
139 _aАндреева, Ценцерушка Лозанова
_bА 66
245 _aЯпония
_bДа се докоснеш до непознатото
_cЦенцерушка Андреева
260 _9215755
_aСофия
_bСдружение Епископ Йосип Щросмайер
_c2020
300 _a62с.
_b със сн.
_c21 см
380 _a3
650 0 _9254294
_aЯпония - пътеписи
651 7 _9179845
_aЯпония
653 7 _9201081
_aЯпония
700 _9402375
_aВитанова, Лидия Александрова
_eснимки
852 _bП
852 _aЦб 312577
_bЦб
942 _cKNG
_n0
_s1
944 _aCR
_c2021-03-11
_kМикаела Микова - Илиева
_l2021-03-11
944 _aED
_c2022-05-12
_kА.М.